遨游大千世界. I 人体奥秘 (Record no. 67303)

000 -LEADER
fixed length control field 00584nam a22002057a 4500
003 - CONTROL NUMBER IDENTIFIER
control field MPLRDC
005 - DATE AND TIME OF LATEST TRANSACTION
control field 20220104201727.0
008 - FIXED-LENGTH DATA ELEMENTS--GENERAL INFORMATION
fixed length control field 210129b ||||| |||| 00| 0 eng d
020 ## - INTERNATIONAL STANDARD BOOK NUMBER
International Standard Book Number 7-5057-2013-9
082 ## - DEWEY DECIMAL CLASSIFICATION NUMBER
Classification number 398 BLA
100 ## - MAIN ENTRY--PERSONAL NAME
Personal name 莎拉·布莱威尔 BLAIRVILLE 等
245 ## - TITLE STATEMENT
Title 遨游大千世界. I 人体奥秘
Statement of responsibility, etc. 刘晓燕、李震英 译
250 ## - EDITION STATEMENT
Edition statement 初版一刷
260 ## - PUBLICATION, DISTRIBUTION, ETC.
Place of publication, distribution, etc. 中国
Name of publisher, distributor, etc. 中国友谊出版公司
Date of publication, distribution, etc. 2004
300 ## - PHYSICAL DESCRIPTION
Other physical details
490 ## - SERIES STATEMENT
Series statement 遨游大千世界. I
520 ## - SUMMARY, ETC.
Summary, etc. 上架 2017-07-06。
650 ## - SUBJECT ADDED ENTRY--TOPICAL TERM
Topical term or geographic name entry element 人体各部生理
942 ## - ADDED ENTRY ELEMENTS (KOHA)
Koha item type Book
-- 398 BLA
Holdings
Withdrawn status Lost status Source of classification or shelving scheme Damaged status Not for loan Collection code Home library Current library Shelving location Date acquired Cost, normal purchase price Total Checkouts Full call number Barcode Date last seen Date last checked out Price effective from Koha item type Public note
            Malaysian Public Library, Research and Development Centre Malaysian Public Library, Research and Development Centre   21/06/2017 33.60   398 BLA 00060905 18/03/2021 21/06/2017 18/03/2021 Book mplrdc

© 2022. Malaysian Public Library, Research and Development Centre. All Right ReservedE-mailmplrdc@help.edu.my 

Powered by Koha